| 000 -LEADER |
| fixed length control field |
00452cam a2200157 4500 |
| 020 ## - INTERNATIONAL STANDARD BOOK NUMBER |
| ISBN |
0803124023 |
| 040 ## - CATALOGING SOURCE |
| Transcribing agency |
DLC |
| 082 00 - DEWEY DECIMAL CLASSIFICATION NUMBER |
| Classification number |
544 D.SC 1969 A033 Or. |
| 110 2# - MAIN ENTRY--CORPORATE NAME |
| Corporate name or jurisdiction name as entry element |
American Society for Testing and Materials. |
| 245 10 - TITLE STATEMENT |
| Title |
Serial number list of compound names |
| Remainder of title |
and references to published infrared spectra. |
| 260 ## - PUBLICATION, DISTRIBUTION, ETC. (IMPRINT) |
| Place of publication |
Philadelphia |
| Year of publication |
[1969] |
| 300 ## - PHYSICAL DESCRIPTION |
| Number of Pages |
vi, 762 p. |
| Dimensions |
28 cm. |
| 500 ## - GENERAL NOTE |
| General note |
"AMD 32." |
| 650 #0 - SUBJECT ADDED ENTRY--TOPICAL TERM |
| Topical Term |
Infrared spectra |
| 942 ## - ADDED ENTRY ELEMENTS (KOHA) |
| Koha item type |
សៀវភៅភាសាអង់គ្លេស |
| 952 ## - LOCATION AND ITEM INFORMATION (KOHA) |
| Withdrawn status [LOCAL, KOHA] |
0 |
| 952 ## - LOCATION AND ITEM INFORMATION (KOHA) |
| Withdrawn status [LOCAL, KOHA] |
0 |